000 00506nam a2200181Ia 4500
005 20250326142032.0
008 250326s9999 xx 000 0 und d
037 _aTextbook
040 _aFMSL
_beng
_cFMSL
041 _aeng
_2eng
084 _qFMSL
100 _aVishwa Mittar
_9301409
245 0 _aGrowth of urban Informal sector in a developing economy
_cVishwa Mittar
260 _aNew Delhi
_bNew Delhi, Deep & Deep Pub.
_c1988
300 _a256p
942 _cTB
999 _c1293138
_d1293138